| 000 | 00466cam a2200193ua 4500 | ||
|---|---|---|---|
| 001 | 10982 | ||
| 005 | 20260515114701.0 | ||
| 008 | 190706n ii |||gr||||Z||||||eng | ||
| 020 | _a9789386053411 | ||
| 040 | _cMAIN | ||
| 082 | _a330.954 | ||
| 100 |
_aS K Mishra, _eAuthor. |
||
| 245 |
_aIndian economy : _bPart -II / _cBy S K Mishra . |
||
| 250 | _bv.II. | ||
| 260 |
_aNew Delhi: _bWisdom press, _c2018. |
||
| 300 | _a270p. | ||
| 653 | _aEconomics | ||
| 942 | _cBK | ||
| 999 |
_c9883 _d9883 |
||